00886nab a2200253uuc4500001000800000005001700008008004100025035001200066035002100078040001300099041000800112100003100120245012900151650002100280650001800301650003000319650002400349650002900373650003400402700002800436700002600464700004300490773009900533117787720250930101337.0091109e20080301 spa  a1177877 a(OCoLC)820513819 ccomduadb aspa10aCabarcas, Manuel4auteaut10aDesarrollo e implementación de una metodología para la evaluación de integridad en pozos con calentamiento eléctrico aPozos petroleros aCalentamiento aCinética de corrosión aIndustria petrolera 0aIndustria del petróleo aMetodología en ingeniería10aVelilla, Lina4auteaut10aUribe, Ivan4auteaut10aVásquez Quintero, Custodio4auteaut0 tDYNA (Medellín)gVolumen 075, Número 154, Marzo 2008, p. 101-111w188384x0012-7353082258